Kipling's Kim : introduction and annotations /

Bibliographic Details
Main Author: Feeley, Margaret Peller
Other Authors: Kipling, Rudyard, 1865-1936
Format: Thesis Book
Language:English
Published: [Place of publication not identified] : [publisher not identified] ; 1976.
Subjects:

MARC

Tag First Indicator Second Indicator Subfields
LEADER 00000cam a2200000 i 4500
001 in00000042041
005 20151007070717.0
008 800530r19801976miua b 00010 eng d
035 |a (OCoLC)06375180 
035 |9 AAE4560AM 
040 |a TXA  |c TXA  |d UtOrBLW 
049 |a TXAM  |c [1243272] 
090 |a PR4854.K43  |b F4 1976a 
100 1 |a Feeley, Margaret Peller. 
245 1 0 |a Kipling's Kim :  |b introduction and annotations /  |c by Margaret Peller Feeley. 
264 1 |a [Place of publication not identified] :  |b [publisher not identified] ;  |c 1976. 
300 |a viii, 575 leaves :  |b illustrations 
336 |a text  |b txt  |2 rdacontent 
337 |a unmediated  |b n  |2 rdamedia 
338 |a volume  |b nc  |2 rdacarrier 
500 |a Photocopy of typescript. Ann Arbor, Mich. : University Microfilms International, 1980. -- 22 cm. 
502 |c City University of New York. 
504 |a Bibliography: leaves 567-575. 
600 1 0 |a Kipling, Rudyard,  |d 1865-1936.  |t Kim. 
700 1 |a Kipling, Rudyard,  |d 1865-1936.  |t Kim. 
999 |a MARS 
999 f f |s b87cdda9-490b-3650-99da-e80d4beeea72  |i b638a880-d5d8-365a-bdcf-c6bf9abe5814  |t 0 
952 f f |p noncirc  |a Texas A&M University  |b College Station  |c Cushing Memorial Library & Archives  |d Cushing: Literature/Kipling (Does not check out)  |t 0  |e PR4854.K43 F4 1976a  |h Library of Congress classification  |i unmediated -- volume 
998 f f |a PR4854.K43 F4 1976a  |t 0  |l Cushing: Literature/Kipling (Does not check out)